Normal view MARC view
  • MAHARAJ,SWAMI ADGADANANDJI

Entry Personal Name

Number of records used in: 1

001 - CONTROL NUMBER

  • control field: 8200

003 - CONTROL NUMBER IDENTIFIER

  • control field: JRU

005 - DATE AND TIME OF LATEST TRANSACTION

  • control field: 20231004144013.0

008 - FIXED-LENGTH DATA ELEMENTS

  • fixed length control field: 231004|| aca||aabn | a|a d

040 ## - CATALOGING SOURCE

  • Original cataloging agency: JRU
  • Transcribing agency: JRU

100 ## - HEADING--PERSONAL NAME

  • Personal name: MAHARAJ,SWAMI ADGADANANDJI

670 ## - SOURCE DATA FOUND

  • Source citation: Work cat.: (JRU)8423: MAHARAJ,SWAMI ADGADANANDJI, YATHARTH GEETA, 2023